000 01068njm a22002777a 4500
005 20100921123223.0
006 a|||||r|||||00| 0
007 sd ammalaaahaa
008 100907t xxu||||| |||| 00| 0 eng d
028 _aSFLP-1231
_bSuper
035 _aGR-07768
100 _aMangeshkar, Lata
_918693
245 _aKudrat Ka Kanoon /
_cby Lata Mangeshkar ; Music Laxmikant Pyarelal ; lyric Sameer
_h[Sound recording]
246 _aमहावीर /
260 _aDum Dum, India
_bSuper
_c1987
300 _a1 sound disc [Gramophone Recording]
_banalog, 33 1/3rpm ;
_c12 in. (LP)
_fGramaphone Records
500 _aBrief records
500 _aRecord Lables Super, Red
505 _aSide-1 (Tujhe Kitna Pyar Karen) (Lata Mangeshkar), --Side-2 (Abhi To Parhi Hai Umar) (Anuradha Paudwal)
600 _2Mangeshkar, Lata
650 _aClassical Music
_xExcerpts
_zIndia
_918694
700 _aPyarelal, Laxmikant
_920930
700 _aSameer
_920931
942 _2ddc
_cGR
999 _c47236
_d47236